Statistics for All UK Horseracing Tracks

Click here to take the quiz!

General Stats

  • This quiz has been taken 154 times
  • The average score is 37 of 59

Answer Stats

CountyAnswer% Correct
MerseysideAintree
92%
BerkshireAscot
87%
AyrshireAyr
87%
Tyne & WearNewcastle
85%
CheshireChester
81%
South YorkshireDoncaster
81%
North YorkshireYork
79%
NottinghamshireNottingham
78%
GloucestershireCheltenham
74%
LeicestershireLeicester
74%
SuffolkNewmarket
73%
North YorkshireRipon
73%
WarwickshireWarwick
73%
East SussexBrighton
72%
DevonExeter
72%
MerseysideHaydock
72%
CumbriaCarlisle
71%
SurreyEpsom
71%
ClevelandRedcar
71%
MonmouthshireChepstow
69%
BerkshireNewbury
67%
WorcestershireWorcester
67%
PerthshirePerth
66%
West MidlandsWolverhampton
66%
SomersetBath
65%
HerefordshireHereford
65%
SurreyKempton
65%
EssexChelmsford
64%
East YorkshireBeverley
62%
SurreySandown
62%
SomersetTaunton
62%
North YorkshireCatterick
61%
North YorkshireThirsk
61%
SurreyLingfield
60%
West SussexGoodwood
59%
East LothianMusselburgh
59%
DevonNewton Abbot
58%
GwyneddBangor
56%
StaffordshireUttoxeter
56%
NorfolkGreat Yarmouth
54%
CambridgeshireHuntingdon
54%
NorthumberlandHexham
52%
West YorkshirePontefract
52%
NottinghamshireSouthwell
52%
West YorkshireWetherby
52%
CumbriaCartmel
51%
BerkshireWindsor
51%
NorfolkFakenham
49%
LincolnshireMarket Rasen
47%
West SussexFontwell
46%
East SussexPlumpton
46%
WiltshireSalisbury
46%
SomersetWincanton
46%
ShropshireLudlow
44%
LanarkshireHamilton
42%
NorthumberlandKelso
42%
WarwickshireStratford
39%
NorthamptonshireTowcester
38%
ClevelandSedgefield
35%

Score Distribution

Percentile by Number Answered

Percent of People with Each Score

Your Score History

You have not taken this quiz